000 00698nam a2200289Ia 4500
005 20260324133944.0
008 008 260324s9999 xx 000 0 eng d
020 _a9781410613165
037 _aEBOOK
040 _aCRL
040 _beng
040 _cCRL
041 _2eng
041 _aeng
084 _qCRL
100 _aRobert J. Sternberg; Elena L. Grigorenko
_91195021
245 4 _aThe General Factor of Intelligence
245 0 _bHow General Is It?
260 _bTaylor and Francis
260 _c2002
365 _a
365 _b230
856 _uhttp://www.taylorfrancis.com/books/9781410613165
942 _cEBOOK
999 _c1794608
_d1794608